Producción de hortalizas de invernáculo : aspectos generales del cultivo :

Guardado en:
Autor Principal: Amma, Adolfo T.
Otros Autores: Mitidieri, Irma de, Bimboni, Hugo, Carosio, Norma Lidia
Formato: Libro
Publicado: Buenos Aires : Inta, 1993
Materias:
Etiquetas: Agregar Etiqueta
Sin Etiquetas, Sea el primero en etiquetar este registro!
LEADER 00986nam a22002295a 4500
001 CEM.cems018092
005 20131024123220.0
008 130507s1993##################000#0#####d
003 CEMS
082 0 4 |a FC635.9 
100 1 |a Amma, Adolfo T. 
245 1 0 |a Producción de hortalizas de invernáculo :  |b aspectos generales del cultivo :  |c Adolfo T. Amma , Irma de Mitidieri y Hugo Bimboni ; coordinado Por Norma Lidia Carosio 
260 |a Buenos Aires :  |b Inta,  |c 1993 
300 |a 76 p. 
500 |a Proyecto de Capacitación a Distancia sobre producción de hortalizas en invernáculo 
505 0 |a El suelo -- Fertilización -- Riego y fertirriego -- Enfermedades -- Diseminación de patogenos y difusión de las enfermedades -- Enfermedades: su diagnóstico -- Plagas 
653 |a Hortalizas 
653 |a Invernáculo 
700 1 |a Mitidieri, Irma de 
700 1 |a Bimboni, Hugo 
700 1 |a Carosio, Norma Lidia 
859 |a CEMS  |b BIB. CEMS - Agricultura  |h FC635.9  |i Am61  |p A0003.44  |t Ej.1  |v 3  |3 3